La réponse est un nombre...? - Statistiques

Statistiques générales
  • Ce quiz a été pris 127 fois
  • Le résultat moyen est 5 sur 11
Statistiques - réponses
Indice Réponse % Correct
Capitale de l'Égypte Le Caire
87%
Préfecture de l'Aube Troyes
86%
Département ayant Bourg-en-Bresse pour préfecture Ain
85%
Commune portuaire de l’Héraut, célèbre pour son étang et ses canaux Sète
75%
Sous-préfecture du Puy-de-Dôme, capitale française de la coutellerie Thiers
35%
Sous-préfecture d'Eure-et-Loir et deuxième ville du département Dreux
32%
Ville de l'Yonne, dont la cathédrale a inspiré celle de Paris Sens
30%
Sous-préfecture du Tarn Castres
26%
Ville du nord-est de l'Italie, chef-lieu de la région qui porte en partie son nom Trente
26%
Ville de la Manche, capitale des marais du Cotentin Carentan
7%
Station balnéaire du Pas-de-Calais, située entre le Cap Blanc-Nez et le Cap Gris-Nez Wissant
6%
Aucun quiz correspondant
Distribution des résultats
% des personnes avec chaque résultat
Percentile par nombre de réponses
Votre historique - résultats
Vous n’avez pas pris ce quiz